000 00573nam a2200241Ia 4500
003 0100
008 130303s9999 xx 000 0 und d
020 _a0939464012
040 _cARRUPELIB
050 _aB765.T521G37 1955
100 _aThomas Aquinas, Saint
245 _aSt. Thomas Aquinas
245 _btheological texts
260 _aDurham, North Carolina
260 _bThe Labyrinth Press
260 _C1955
300 _a423p.
300 _b 24cm.
650 _aPHILOSOPHY
650 _bChristian life
700 _aGilby, Thomas (tr.)
942 0 0 _01
999 _c8185
_d8185